L'education des petits enfants par la methode Froebelienne / (Record no. 70609)
[ view plain ]
| 000 -LEADER | |
|---|---|
| campo de control de longitud fija | 00633nam a2200193 i 4500 |
| 001 - NÚMERO DE CONTROL | |
| campo de control | 70609 |
| 003 - IDENTIFICADOR DE NÚMERO DE CONTROL | |
| campo de control | ES-MaACL |
| 005 - FECHA Y HORA DE LA ÚLTIMA TRANSACCIÓN | |
| campo de control | 20230906170851.0 |
| 007 - CAMPO FIJO DE DESCRIPCIÓN FÍSICA--INFORMACIÓN GENERAL | |
| campo de control de longitud fija | t| |
| 008 - DATOS DE LONGITUD FIJA--INFORMACIÓN GENERAL | |
| campo de control de longitud fija | 040728s1913 fr |||| | fre d |
| 100 1# - ENTRADA PRINCIPAL--NOMBRE DE PERSONA | |
| Nombre de persona | Garcin, F. |
| 9 (RLIN) | 55473 |
| 245 12 - MENCIÓN DEL TÍTULO | |
| Título | L'education des petits enfants par la methode Froebelienne / |
| Mención de responsabilidad, etc. | F. Garcin ; preface de M. Gabriel Compayré. |
| 260 ## - PUBLICACIÓN, DISTRIBUCIÓN, ETC. | |
| Lugar de publicación, distribución, etc. | [La Roche Sur Jou : |
| Nombre del editor, distribuidor, etc. | s.n., |
| Fecha de publicación, distribución, etc. | 1913] ( |
| Fabricante | Imp. Centre del Quest) |
| 300 ## - DESCRIPCIÓN FÍSICA | |
| Extensión | XIII, 287 p. ; |
| Dimensiones | 19 cm. |
| 600 14 - PUNTO DE ACCESO ADICIONAL DE MATERIA--NOMBRE DE PERSONA | |
| Nombre de persona | Fröbel, Friedrich. |
| 9 (RLIN) | 52708 |
| 650 #4 - PUNTO DE ACCESO ADICIONAL DE MATERIA--TÉRMINO DE MATERIA | |
| Término de materia o nombre geográfico como elemento de entrada | Enseñanza preescolar. |
| 9 (RLIN) | 151770 |
| 700 1# - ENTRADA AGREGADA--NOMBRE PERSONAL | |
| Nombre de persona | Compayré, Gabriel. |
| 9 (RLIN) | 40046 |
| 852 ## - LOCALIZACIÓN | |
| Ubicación | ES-MaACL |
| Número de control de estantería | F-2929 |
| Estatus retirado | Estado de pérdida | Estado de daño | No para préstamo | Biblioteca de origen | Biblioteca actual | Ubicación en estantería | Fecha de adquisición | Fuente de adquisición | Total de préstamos | Signatura topográfica completa | Código de barras | Visto por última vez | Precio de reemplazo | Tipo de ítem Koha |
|---|---|---|---|---|---|---|---|---|---|---|---|---|---|---|
| Biblioteca del Ateneo de Madrid | Biblioteca del Ateneo de Madrid | Depósito 2 | 17/01/2008 | F-2929 | 1073935 | 23/02/2023 | 23/02/2023 | Libro impreso |
